[Event "2025 National K-12 Grade Championship"]
[Site "Spokane, WI USA, United States"]
[Date "2025.12.14"]
[Round "7.21"]
[White "Wang, Jacob S"]
[Black "Liu, Liam"]
[Result "0-1"]
[TimeControl "G/90; d10"]
[WhiteFideId "30973350"]
[BlackFideId "39918270"]
[WhiteElo "2067"]
[BlackElo "2117"]

1. d4 {[%clk 01:30:00]} {[%emt 00:00:07]} Nf6 {[%clk 01:30:00]} {[%emt
00:00:08]} 2. c4 {[%clk 01:29:43]} {[%emt 00:00:26]} g6 {[%clk 01:29:48]}
{[%emt 00:00:23]} 3. Nf3 {[%clk 01:29:00]} {[%emt 00:00:53]} Bg7 {[%clk
01:29:31]} {[%emt 00:00:27]} 4. Nc3 {[%clk 01:28:13]} {[%emt 00:00:57]} d5
{[%clk 01:29:16]} {[%emt 00:00:26]} 5. e3 {[%clk 01:27:08]} {[%emt 00:01:13]}
O-O {[%emt 00:02:18]} 6. Be2 {[%clk 01:25:24]} {[%emt 00:00:05]} c5 {[%clk
01:28:07]} {[%emt 00:01:00]} 7. O-O {[%clk 01:23:51]} {[%emt 00:01:43]} cxd4
{[%emt 00:06:50]} 8. Nxd4 {[%clk 01:19:37]} {[%emt 00:01:02]} a6 {[%clk
01:20:31]} {[%emt 00:04:30]} 9. Rb1 {[%clk 01:14:58]} {[%emt 00:04:48]} dxc4
{[%clk 01:18:50]} {[%emt 00:01:51]} 10. Bxc4 {[%clk 01:13:49]} {[%emt
00:01:19]} b5 {[%clk 01:17:39]} {[%emt 00:01:22]} 11. Be2 {[%clk 01:12:19]}
{[%emt 00:01:36]} Bb7 {[%clk 01:16:06]} {[%emt 00:01:32]} 12. Bf3 {[%clk
01:10:34]} {[%emt 00:02:09]} Qb6 {[%clk 01:15:08]} {[%emt 00:01:08]} 13. Bxb7
{[%clk 01:09:01]} {[%emt 00:01:43]} Qxb7 {[%clk 01:15:08]} {[%emt 00:00:09]} 14.
b4 {[%clk 01:08:18]} {[%emt 00:00:54]} Rd8 {[%clk 01:14:12]} {[%emt 00:01:03]}
15. Qe2 {[%clk 01:07:32]} {[%emt 00:00:58]} Nbd7 {[%emt 00:09:07]} 16. Nb3
{[%clk 01:02:42]} {[%emt 00:01:10]} Qc7 {[%clk 01:06:19]} {[%emt 00:02:54]} 17.
Bb2 {[%clk 01:01:32]} {[%emt 00:01:21]} Ne5 {[%clk 01:06:09]} {[%emt 00:00:20]}
18. Rbd1 {[%clk 00:50:29]} {[%emt 00:11:13]} h5 {[%clk 00:58:09]} {[%emt
00:08:10]} 19. h3 {[%clk 00:49:08]} {[%emt 00:01:33]} Nc4 {[%clk 00:55:07]}
{[%emt 00:03:11]} 20. Ba1 {[%clk 00:45:06]} {[%emt 00:04:14]} e6 {[%clk
00:52:24]} {[%emt 00:02:52]} 21. Nc5 {[%clk 00:43:14]} {[%emt 00:02:02]} Nd7
{[%clk 00:49:16]} {[%emt 00:03:16]} 22. Nxd7 {[%clk 00:41:17]} {[%emt
00:02:07]} Rxd7 {[%clk 00:49:13]} {[%emt 00:00:08]} 23. Ne4 {[%clk 00:37:08]}
{[%emt 00:04:25]} Rxd1 {[%clk 00:42:01]} {[%emt 00:07:22]} 24. Qxd1 {[%clk
00:35:23]} {[%emt 00:01:55]} Rd8 {[%clk 00:41:30]} {[%emt 00:00:39]} 25. Qc1
{[%clk 00:34:36]} {[%emt 00:01:00]} Qe7 {[%clk 00:36:37]} {[%emt 00:04:59]} 26.
Bxg7 {[%clk 00:32:23]} {[%emt 00:02:26]} Kxg7 {[%clk 00:36:37]} {[%emt
00:00:09]} 27. Qc3+ {[%clk 00:31:09]} {[%emt 00:01:21]} e5 {[%clk 00:36:05]}
{[%emt 00:00:45]} 28. a4 {[%clk 00:28:38]} {[%emt 00:02:43]} Rc8 {[%clk
00:34:49]} {[%emt 00:01:24]} 29. axb5 {[%clk 00:27:14]} {[%emt 00:01:36]} axb5
{[%clk 00:34:42]} {[%emt 00:00:17]} 30. Nc5 {[%clk 00:26:07]} {[%emt 00:01:16]}
Ra8 {[%clk 00:34:42]} {[%emt 00:00:06]} 31. Rd1 {[%clk 00:25:48]} {[%emt
00:00:30]} Rd8 {[%clk 00:31:00]} {[%emt 00:03:51]} 32. Rd3 {[%clk 00:24:22]}
{[%emt 00:01:37]} Rd6 {[%clk 00:30:02]} {[%emt 00:01:08]} 33. Qc2 {[%clk
00:22:53]} {[%emt 00:01:39]} Qf8 {[%clk 00:28:54]} {[%emt 00:01:18]} 34. Qb1
{[%clk 00:22:09]} {[%emt 00:00:54]} Qb8 {[%clk 00:28:26]} {[%emt 00:00:36]} 35.
Qc2 {[%clk 00:21:55]} {[%emt 00:00:26]} Qf8 {[%clk 00:26:48]} {[%emt 00:01:47]}
36. Qb1 {[%clk 00:20:33]} {[%emt 00:01:33]} Kh7 {[%clk 00:24:39]} {[%emt
00:02:19]} 37. Qc2 {[%clk 00:16:58]} {[%emt 00:03:46]} Kg8 {[%clk 00:23:16]}
{[%emt 00:01:32]} 38. Rd1 {[%clk 00:15:25]} {[%emt 00:01:44]} Kg7 {[%clk
00:21:22]} {[%emt 00:02:04]} 39. Ra1 {[%clk 00:14:38]} {[%emt 00:00:57]} Qe7
{[%clk 00:19:50]} {[%emt 00:01:42]} 40. Rd1 {[%clk 00:12:13]} {[%emt 00:02:35]}
Qd8 {[%clk 00:18:31]} {[%emt 00:01:29]} 41. Rxd6 {[%clk 00:07:24]} {[%emt
00:05:00]} Qxd6 {[%clk 00:18:31]} {[%emt 00:00:06]} 42. Qd3 {[%clk 00:06:54]}
{[%emt 00:00:39]} Qxd3 {[%clk 00:18:23]} {[%emt 00:00:19]} 43. Nxd3 {[%clk
00:06:54]} {[%emt 00:00:02]} e4 {[%clk 00:18:22]} {[%emt 00:00:10]} 44. Nc5
{[%clk 00:06:49]} {[%emt 00:00:15]} f5 {[%clk 00:17:27]} {[%emt 00:01:04]} 45.
Kf1 {[%clk 00:06:21]} {[%emt 00:00:38]} Kf7 {[%clk 00:16:50]} {[%emt 00:00:47]}
46. Nb3 {[%clk 00:04:25]} {[%emt 00:02:06]} Nd6 {[%clk 00:15:03]} {[%emt
00:01:57]} 47. Nd4 {[%clk 00:03:46]} {[%emt 00:00:43]} Kf6 {[%clk 00:10:27]}
{[%emt 00:04:51]} 48. Ke2 {[%clk 00:03:44]} {[%emt 00:00:14]} Ke5 {[%clk
00:10:25]} {[%emt 00:00:12]} 49. Kd2 {[%clk 00:03:44]} {[%emt 00:00:10]} g5
{[%clk 00:10:19]} {[%emt 00:00:14]} 50. Kc3 {[%clk 00:02:50]} {[%emt 00:01:05]}
Kd5 {[%clk 00:10:19]} {[%emt 00:00:09]} 51. Ne2 {[%clk 00:02:50]} {[%emt
00:00:11]} h4 {[%clk 00:10:02]} {[%emt 00:00:27]} 52. g3 {[%clk 00:02:42]}
{[%emt 00:00:17]} hxg3 {[%clk 00:10:02]} {[%emt 00:00:07]} 53. Nxg3 {[%clk
00:02:25]} {[%emt 00:00:27]} Ke5 {[%clk 00:10:02]} {[%emt 00:00:06]} 54. Ne2
{[%clk 00:02:16]} {[%emt 00:00:19]} f4 {[%clk 00:08:23]} {[%emt 00:01:49]} 55.
exf4+ {[%clk 00:01:46]} {[%emt 00:00:41]} gxf4 {[%clk 00:08:23]} {[%emt
00:00:02]} 56. h4 {[%clk 00:01:46]} {[%emt 00:00:09]} Nf5 {[%clk 00:08:19]}
{[%emt 00:00:13]} 57. h5 {[%clk 00:01:46]} {[%emt 00:00:09]} f3 {[%clk
00:08:19]} {[%emt 00:00:02]} 58. Ng1 {[%clk 00:01:28]} {[%emt 00:00:28]} Kf4
{[%clk 00:07:58]} {[%emt 00:00:30]} 59. Kd2 {[%emt 00:00:17]} Kg5 {[%clk
00:07:56]} {[%emt 00:00:13]} 0-1

[Event "2025 National K-12 Grade Championship"]
[Site "Spokane, WI USA, United States"]
[Date "2025.12.14"]
[Round "7.22"]
[White "Debmisra, Ariv"]
[Black "Suresh, Kawin Sayi"]
[Result "1-0"]
[TimeControl "G/90; d10"]
[WhiteFideId "39900207"]
[BlackFideId "39916537"]
[WhiteElo "2143"]
[BlackElo "1896"]

1. e4 {[%clk 01:27:58]} {[%emt 00:02:11]} e6 {[%clk 01:30:00]} {[%emt
00:00:07]} 2. d4 {[%clk 01:27:54]} {[%emt 00:00:13]} d5 {[%clk 01:30:00]}
{[%emt 00:00:07]} 3. Nd2 {[%clk 01:27:54]} {[%emt 00:00:05]} c5 {[%clk
01:30:00]} {[%emt 00:00:07]} 4. exd5 {[%clk 01:27:54]} {[%emt 00:00:05]} Qxd5
{[%clk 01:29:59]} {[%emt 00:00:12]} 5. dxc5 {[%clk 01:27:51]} {[%emt 00:00:14]}
Bxc5 {[%clk 01:29:54]} {[%emt 00:00:15]} 6. Ngf3 {[%clk 01:27:42]} {[%emt
00:00:19]} Nf6 {[%clk 01:29:29]} {[%emt 00:00:35]} 7. Bc4 {[%clk 01:27:39]}
{[%emt 00:00:12]} Qd6 {[%clk 01:29:03]} {[%emt 00:00:32]} 8. Qe2 {[%clk
01:27:13]} {[%emt 00:00:41]} Nc6 {[%clk 01:28:02]} {[%emt 00:01:10]} 9. O-O
{[%clk 01:26:36]} {[%emt 00:00:47]} O-O {[%clk 01:27:37]} {[%emt 00:00:36]} 10.
Ne4 {[%clk 01:26:17]} {[%emt 00:00:30]} Nxe4 {[%clk 01:25:11]} {[%emt
00:02:35]} 11. Qxe4 {[%clk 01:26:17]} {[%emt 00:00:09]} Nd4 {[%clk 01:18:28]}
{[%emt 00:06:50]} 12. Bf4 {[%clk 01:17:29]} {[%emt 00:09:00]} Nxf3+ {[%clk
01:18:04]} {[%emt 00:00:34]} 13. Qxf3 {[%clk 01:17:29]} {[%emt 00:00:08]} e5
{[%clk 01:15:36]} {[%emt 00:02:38]} 14. Bg3 {[%clk 01:15:02]} {[%emt 00:02:37]}
Qf6 {[%clk 01:09:58]} {[%emt 00:05:43]} 15. Rfe1 {[%clk 01:07:12]} {[%emt
00:08:06]} Re8 {[%clk 01:02:53]} {[%emt 00:07:14]} 16. Rxe5 {[%clk 01:01:57]}
{[%emt 00:05:25]} Rxe5 {[%clk 00:59:40]} {[%emt 00:03:23]} 17. Bxe5 {[%clk
01:01:57]} {[%emt 00:00:06]} Qxf3 {[%clk 00:59:40]} {[%emt 00:00:09]} 18. gxf3
{[%clk 01:01:57]} {[%emt 00:00:07]} Bf5 {[%clk 00:59:23]} {[%emt 00:00:25]} 19.
Rd1 {[%clk 01:01:29]} {[%emt 00:00:40]} Re8 {[%clk 00:58:04]} {[%emt 00:01:23]}
20. Bc3 {[%clk 01:01:10]} {[%emt 00:00:34]} Bb6 {[%clk 00:47:34]} {[%emt
00:10:37]} 21. Kg2 {[%clk 00:58:39]} {[%emt 00:02:43]} Be6 {[%clk 00:38:34]}
{[%emt 00:09:06]} 22. Bxe6 {[%clk 00:55:11]} {[%emt 00:03:42]} Rxe6 {[%clk
00:35:30]} {[%emt 00:03:15]} 23. Rd7 {[%clk 00:55:05]} {[%emt 00:00:15]} h6
{[%clk 00:34:16]} {[%emt 00:01:24]} 24. Kf1 {[%clk 00:54:57]} {[%emt 00:00:18]}
Rc6 {[%clk 00:30:00]} {[%emt 00:04:27]} 25. Rxb7 {[%clk 00:52:40]} {[%emt
00:02:25]} Rc7 {[%clk 00:27:18]} {[%emt 00:02:53]} 26. Rxc7 {[%clk 00:52:36]}
{[%emt 00:00:13]} Bxc7 {[%clk 00:27:18]} {[%emt 00:00:06]} 27. Bd4 {[%clk
00:52:28]} {[%emt 00:00:18]} a6 {[%clk 00:27:08]} {[%emt 00:00:20]} 28. b4
{[%clk 00:51:59]} {[%emt 00:00:39]} Bxh2 {[%clk 00:26:19]} {[%emt 00:01:00]} 29.
c4 {[%clk 00:51:52]} {[%emt 00:00:16]} Kf8 {[%clk 00:26:06]} {[%emt 00:00:23]}
30. b5 {[%clk 00:51:39]} {[%emt 00:00:24]} axb5 {[%clk 00:26:06]} {[%emt
00:00:09]} 31. cxb5 {[%clk 00:51:39]} {[%emt 00:00:06]} g6 {[%clk 00:25:21]}
{[%emt 00:00:54]} 32. Be3 {[%clk 00:51:08]} {[%emt 00:00:42]} Bb8 {[%clk
00:23:46]} {[%emt 00:01:43]} 33. a4 {[%clk 00:50:49]} {[%emt 00:00:30]} Ke7
{[%clk 00:23:40]} {[%emt 00:00:17]} 34. a5 {[%emt 00:00:07]} Kd7 {[%clk
00:23:39]} {[%emt 00:00:09]} 35. a6 {[%clk 00:50:49]} {[%emt 00:00:04]} Kc8
{[%clk 00:23:34]} {[%emt 00:00:15]} 36. a7 {[%emt 00:00:21]} Bxa7 {[%clk
00:23:34]} {[%emt 00:00:04]} 37. Bxa7 {[%clk 00:50:40]} {[%emt 00:00:05]} Kb7
{[%clk 00:23:34]} {[%emt 00:00:06]} 38. Be3 {[%clk 00:50:40]} {[%emt 00:00:05]}
h5 {[%clk 00:23:32]} {[%emt 00:00:13]} 39. Kg2 {[%clk 00:50:30]} {[%emt
00:00:20]} f6 {[%clk 00:23:32]} {[%emt 00:00:09]} 40. Bd4 {[%clk 00:50:30]}
{[%emt 00:00:04]} f5 {[%clk 00:23:31]} {[%emt 00:00:12]} 41. Kh3 {[%clk
00:50:26]} {[%emt 00:00:13]} g5 {[%clk 00:23:18]} {[%emt 00:00:24]} 42. f4
{[%clk 00:50:20]} {[%emt 00:00:16]} gxf4 {[%clk 00:23:10]} {[%emt 00:00:18]} 43.
Kh4 {[%clk 00:50:20]} {[%emt 00:00:07]} f3 {[%emt 00:00:08]} 44. Kxh5 {[%clk
00:50:20]} {[%emt 00:00:03]} f4 {[%clk 00:22:50]} {[%emt 00:00:28]} 45. Kg4
{[%clk 00:50:20]} {[%emt 00:00:08]} Kc7 {[%clk 00:22:47]} {[%emt 00:00:12]} 46.
Kxf4 {[%clk 00:50:20]} {[%emt 00:00:03]} Kb7 {[%clk 00:22:45]} {[%emt
00:00:12]} 47. Kxf3 {[%clk 00:50:15]} {[%emt 00:00:15]} Kc7 {[%clk 00:22:44]}
{[%emt 00:00:12]} 48. Ke4 {[%clk 00:50:15]} {[%emt 00:00:09]} Kb7 {[%clk
00:22:44]} {[%emt 00:00:10]} 49. f4 {[%clk 00:50:15]} {[%emt 00:00:04]} Kc7
{[%clk 00:22:38]} {[%emt 00:00:16]} 50. f5 {[%clk 00:50:15]} {[%emt 00:00:05]}
Kd7 {[%clk 00:22:35]} {[%emt 00:00:12]} 51. b6 {[%clk 00:50:15]} {[%emt
00:00:06]} Kc6 {[%clk 00:22:35]} {[%emt 00:00:10]} 52. f6 {[%clk 00:50:15]}
{[%emt 00:00:06]} Kb7 {[%clk 00:22:35]} {[%emt 00:00:07]} 53. f7 {[%clk
00:50:15]} {[%emt 00:00:05]} Kc6 {[%clk 00:22:33]} {[%emt 00:00:10]} 54. f8=Q
{[%clk 00:50:15]} {[%emt 00:00:11]} Kb7 {[%clk 00:22:31]} {[%emt 00:00:12]} 55.
Qc5 {[%clk 00:50:15]} {[%emt 00:00:10]} Ka6 {[%clk 00:22:22]} {[%emt 00:00:19]}
56. Qc7 {[%clk 00:50:01]} {[%emt 00:00:23]} Kb5 {[%clk 00:22:22]} {[%emt
00:00:11]} 57. b7 {[%clk 00:50:01]} {[%emt 00:00:06]} Kb4 {[%clk 00:22:19]}
{[%emt 00:00:13]} 58. b8=Q+ {[%clk 00:49:50]} {[%emt 00:00:21]} Ka4 {[%clk
00:22:18]} {[%emt 00:00:11]} 59. Qc4+ {[%clk 00:49:50]} {[%emt 00:00:07]} Ka3
{[%clk 00:22:04]} {[%emt 00:00:23]} 60. Bb2# {[%emt 00:00:16]} 1-0

[Event "2025 National K-12 Grade Championship"]
[Site "Spokane, WI USA, United States"]
[Date "2025.12.14"]
[Round "7.23"]
[White "Chen, Celine"]
[Black "Jani, Aakash"]
[Result "0-1"]
[TimeControl "G/90; d10"]
[WhiteFideId "39915107"]
[BlackFideId "30996163"]
[WhiteElo "1942"]
[BlackElo "2014"]

1. d4 {[%clk 01:30:00]} {[%emt 00:00:01]} Nf6 {[%clk 01:30:00]} {[%emt
00:00:10]} 2. c4 {[%clk 01:30:00]} {[%emt 00:00:02]} g6 {[%clk 01:29:56]}
{[%emt 00:00:14]} 3. Nc3 {[%clk 01:30:00]} {[%emt 00:00:04]} Bg7 {[%clk
01:29:50]} {[%emt 00:00:16]} 4. e4 {[%clk 01:30:00]} {[%emt 00:00:04]} d6
{[%clk 01:29:49]} {[%emt 00:00:11]} 5. Be2 {[%clk 01:30:00]} {[%emt 00:00:04]}
O-O {[%clk 01:29:25]} {[%emt 00:00:35]} 6. Be3 {[%clk 01:30:00]} {[%emt
00:00:02]} e5 {[%clk 01:28:54]} {[%emt 00:00:41]} 7. d5 {[%clk 01:30:00]}
{[%emt 00:00:04]} a5 {[%clk 01:27:47]} {[%emt 00:01:16]} 8. h4 {[%clk
01:26:01]} {[%emt 00:04:09]} Na6 {[%clk 01:20:45]} {[%emt 00:07:14]} 9. h5
{[%clk 01:25:30]} {[%emt 00:00:41]} Nc5 {[%clk 01:20:04]} {[%emt 00:00:50]} 10.
h6 {[%clk 01:23:58]} {[%emt 00:01:42]} Bh8 {[%clk 01:19:30]} {[%emt 00:00:43]}
11. f3 {[%clk 01:21:33]} {[%emt 00:02:37]} b6 {[%clk 01:15:55]} {[%emt
00:03:45]} 12. Qc2 {[%clk 01:16:06]} {[%emt 00:05:36]} Nh5 {[%clk 01:14:20]}
{[%emt 00:01:45]} 13. g4 {[%clk 01:15:02]} {[%emt 00:01:14]} Ng3 {[%clk
01:13:34]} {[%emt 00:00:56]} 14. Rh3 {[%clk 01:13:59]} {[%emt 00:01:13]} Nxe2
{[%clk 01:13:24]} {[%emt 00:00:19]} 15. Ngxe2 {[%clk 01:13:41]} {[%emt
00:00:28]} Bf6 {[%clk 01:09:37]} {[%emt 00:03:57]} 16. O-O-O {[%clk 01:09:41]}
{[%emt 00:04:10]} Ba6 {[%clk 01:08:21]} {[%emt 00:01:26]} 17. b3 {[%clk
01:03:54]} {[%emt 00:05:57]} Bc8 {[%clk 01:04:40]} {[%emt 00:03:51]} 18. Rh2
{[%clk 00:59:11]} {[%emt 00:04:52]} Bd7 {[%clk 01:02:05]} {[%emt 00:02:45]} 19.
Rg1 {[%clk 00:55:50]} {[%emt 00:03:32]} Na6 {[%clk 00:57:12]} {[%emt 00:05:03]}
20. g5 {[%clk 00:52:22]} {[%emt 00:03:38]} Bh8 {[%clk 00:55:19]} {[%emt
00:02:01]} 21. a3 {[%clk 00:47:58]} {[%emt 00:04:36]} Qe7 {[%clk 00:52:27]}
{[%emt 00:03:02]} 22. Rf2 {[%clk 00:36:50]} {[%emt 00:11:18]} f6 {[%clk
00:49:59]} {[%emt 00:02:39]} 23. gxf6 {[%clk 00:34:40]} {[%emt 00:02:20]} Bxf6
{[%clk 00:47:24]} {[%emt 00:02:45]} 24. Rfg2 {[%clk 00:33:45]} {[%emt
00:01:05]} Rf7 {[%clk 00:46:04]} {[%emt 00:01:31]} 25. f4 {[%clk 00:29:38]}
{[%emt 00:04:17]} exf4 {[%clk 00:40:27]} {[%emt 00:05:46]} 26. Nxf4 {[%clk
00:28:35]} {[%emt 00:01:13]} Bxc3 {[%clk 00:34:55]} {[%emt 00:05:43]} 27. Qxc3
{[%clk 00:28:35]} {[%emt 00:00:06]} Qe5 {[%clk 00:28:55]} {[%emt 00:06:11]} 28.
Qxe5 {[%clk 00:25:46]} {[%emt 00:02:58]} dxe5 {[%clk 00:27:52]} {[%emt
00:01:14]} 29. Nd3 {[%clk 00:25:33]} {[%emt 00:00:22]} Re8 {[%clk 00:26:47]}
{[%emt 00:01:15]} 30. Rg5 {[%clk 00:25:13]} {[%emt 00:00:29]} Rfe7 {[%clk
00:26:15]} {[%emt 00:00:42]} 31. Bd2 {[%clk 00:24:24]} {[%emt 00:00:59]} c6
{[%clk 00:24:04]} {[%emt 00:02:21]} 32. Bc3 {[%clk 00:22:31]} {[%emt 00:02:03]}
cxd5 {[%clk 00:24:04]} {[%emt 00:00:09]} 33. cxd5 {[%clk 00:22:30]} {[%emt
00:00:11]} Bb5 {[%clk 00:24:03]} {[%emt 00:00:12]} 34. Nxe5 {[%clk 00:20:54]}
{[%emt 00:01:46]} Nc5 {[%clk 00:23:48]} {[%emt 00:00:25]} 35. Ng4 {[%clk
00:18:52]} {[%emt 00:02:12]} Nxe4 {[%clk 00:21:57]} {[%emt 00:02:01]} 36. d6
{[%clk 00:18:18]} {[%emt 00:00:44]} Re6 {[%clk 00:20:58]} {[%emt 00:01:09]} 37.
Nf6+ {[%clk 00:11:41]} {[%emt 00:06:45]} Nxf6 {[%clk 00:20:39]} {[%emt
00:00:29]} 38. Bxf6 {[%clk 00:10:56]} {[%emt 00:00:56]} Rxf6 {[%clk 00:18:56]}
{[%emt 00:01:53]} 39. Rxb5 {[%clk 00:10:56]} {[%emt 00:00:03]} Rc8+ {[%clk
00:18:54]} {[%emt 00:00:12]} 40. Kb1 {[%clk 00:10:40]} {[%emt 00:00:25]} Rxd6
{[%clk 00:18:54]} {[%emt 00:00:08]} 41. Rg2 {[%clk 00:10:30]} {[%emt 00:00:20]}
Re8 {[%clk 00:17:58]} {[%emt 00:01:06]} 42. Kb2 {[%clk 00:09:18]} {[%emt
00:01:22]} Re3 {[%clk 00:17:16]} {[%emt 00:00:53]} 43. Rh2 {[%clk 00:09:05]}
{[%emt 00:00:23]} Kf7 {[%clk 00:16:24]} {[%emt 00:01:01]} 44. Kc2 {[%clk
00:08:26]} {[%emt 00:00:50]} Rf3 {[%clk 00:16:00]} {[%emt 00:00:34]} 45. Kb2
{[%clk 00:07:25]} {[%emt 00:01:12]} Rf5 {[%clk 00:15:52]} {[%emt 00:00:16]} 46.
Rxf5+ {[%clk 00:07:03]} {[%emt 00:00:31]} gxf5 {[%clk 00:15:52]} {[%emt
00:00:07]} 47. b4 {[%clk 00:07:00]} {[%emt 00:00:13]} axb4 {[%clk 00:15:52]}
{[%emt 00:00:09]} 48. axb4 {[%clk 00:07:00]} {[%emt 00:00:02]} Kg6 {[%clk
00:15:23]} {[%emt 00:00:38]} 49. Rg2+ {[%clk 00:06:47]} {[%emt 00:00:22]} Kxh6
{[%clk 00:15:23]} {[%emt 00:00:10]} 50. Kc3 {[%clk 00:06:47]} {[%emt 00:00:05]}
f4 {[%clk 00:14:56]} {[%emt 00:00:37]} 51. Rg4 {[%clk 00:06:38]} {[%emt
00:00:19]} Rf6 {[%clk 00:14:41]} {[%emt 00:00:25]} 52. Kd4 {[%clk 00:06:12]}
{[%emt 00:00:35]} f3 {[%clk 00:14:33]} {[%emt 00:00:19]} 53. Rg1 {[%clk
00:06:12]} {[%emt 00:00:03]} f2 {[%clk 00:13:57]} {[%emt 00:00:47]} 54. Rf1
{[%clk 00:06:12]} Kg5 {[%clk 00:13:56]} {[%emt 00:00:13]} 55. Ke3 {[%clk
00:06:07]} {[%emt 00:00:15]} Kg4 {[%clk 00:13:48]} {[%emt 00:00:19]} 56. Rxf2
{[%clk 00:06:03]} {[%emt 00:00:13]} Rxf2 {[%clk 00:13:48]} {[%emt 00:00:09]} 57.
Kxf2 {[%clk 00:06:03]} {[%emt 00:00:02]} Kf4 {[%clk 00:13:48]} {[%emt
00:00:09]} 58. Kg2 {[%clk 00:05:55]} {[%emt 00:00:18]} Ke4 {[%clk 00:13:48]}
0-1